000 00669nam a22002177a 4500
999 _c293292
_d293292
001 7131
003 UA-OsUOA
005 20200408225531.0
007 ta
008 20040219b un ||||| |||| 00| 0 ukr d
040 _aUA-OsUOA
_brus
_cUA-OsUOA
_dUA-OsUOA
041 _arus
044 _aUA
080 _a1
090 _a1
245 _aФилософские науки
_bНаучный образовательний журнал
_cМинистерство образования Российской Федерации, Академия гуманитарный исследований
260 _aМ.
_c1958
650 7 _2UDC
942 _cBK
_2udc
955 _a1